[Event "82nd Tata Steel Masters 2020"]
[Site "Wijk aan Zee"]
[Date "2020.01.22"]
[Round "10.1"]
[White "Carlsen, Magnus"]
[Black "Kovalev, Vladislav"]
[Result "1-0"]
[WhiteElo "2872"]
[BlackElo "2660"]
[Annotator "TA"]
[PlyCount "73"]
[EventDate "2020.01.11"]
[EventType "tourn"]
[EventCountry "NED"]
[SourceTitle "playchess.com"]
[Source "ChessBase"]
[SourceQuality "1"]

1. d4 Nf6 2. c4 e6 3. Nf3 d5 4. Nc3 Be7 5. Bg5 O-O 6. e3 h6 7. Bf4 c5 8. dxc5 Bxc5 9. a3 Nc6 10. Qc2 Nh5 11. Bg3 dxc4 12. Bxc4 Be7 13. Ba2 a6 14. Rd1 Qa5 15. Bb1 f5 16. O-O Nxg3 17. hxg3 Bf6 18. e4 Bxc3 19. bxc3 Qxa3 20. exf5 exf5 21. Rfe1 Qa5 22. g4 Qc7 23. Nh4 g5 24. Nxf5 Bxf5 25. gxf5 Rf6 26. Re6 Raf8 27. Rxf6 Rxf6 28. Ba2+ Kf8 29. Qd3 Ne5 30. Qe4 Rd6 31. Qb4 Ke7 32. f6+ Kd7 33. Re1 Rxf6 34. Qd4+ Qd6 35. Qxe5 Qxe5 36. Rxe5 Rc6 37. Re3 1-0

[Event "83rd Tata Steel Masters 2021"]
[Site "Wijk aan Zee"]
[Date "2021.01.27"]
[Round "10.1"]
[White "Caruana, Fabiano"]
[Black "Carlsen, Magnus"]
[Result "1/2-1/2"]
[WhiteElo "2823"]
[BlackElo "2862"]
[Annotator "TA"]
[PlyCount "83"]
[EventDate "2021.01.16"]
[EventType "tourn"]
[EventCountry "NED"]
[SourceTitle "playchess.com"]
[Source "ChessBase"]
[SourceQuality "1"]

1. d4 Nf6 2. c4 e6 3. g3 d5 4. Nf3 Bb4+ 5. Bd2 Bd6 6. Bg2 c6 7. Nc3 O-O 8. Bg5 h6 9. Bxf6 Qxf6 10. Qb3 Nd7 11. O-O Qe7 12. c5 Bc7 13. e4 b6 14. exd5 exd5 15. Rfe1 Qf6 16. Nxd5 cxd5 17. Qxd5 Rb8 18. c6 Rd8 19. cxd7 Bxd7 20. Ne5 Be6 21. Qe4 Bxe5 22. dxe5 Qe7 23. Qe3 Rbc8 24. Be4 Qc5 25. Qxc5 Rxc5 26. f4 g6 27. Kf2 a5 28. Ke3 a4 29. Rec1 Rb5 30. Rc2 Rb4 31. Bd3 h5 32. Rd2 b5 33. a3 Rb3 34. Rc1 b4 35. axb4 a3 36. bxa3 Bf5 37. Rcd1 Rxa3 38. b5 Bg4 39. Rc1 Bf5 40. Rcd1 Bg4 41. Rc1 Bf5 42. Rcd1 1/2-1/2

[Event "85th Tata Steel Masters 2023"]
[Site "Wijk aan Zee"]
[Date "2023.01.25"]
[Round "10.1"]
[White "Abdusattorov, Nodirbek"]
[Black "Ding, Liren"]
[Result "1/2-1/2"]
[WhiteElo "2713"]
[BlackElo "2811"]
[Annotator "TA"]
[PlyCount "53"]
[EventDate "2023.01.10"]
[EventType "tourn"]
[EventCountry "NED"]
[SourceTitle "playchess.com"]
[Source "ChessBase"]
[SourceQuality "1"]

1. e4 e5 2. Nf3 Nc6 3. Bb5 Nf6 4. O-O Nxe4 5. Re1 Nd6 6. Nxe5 Be7 7. Bf1 Nxe5 8. Rxe5 O-O 9. Nc3 Bf6 10. Re1 Re8 11. Rxe8+ Nxe8 12. Nd5 Bg5 13. d4 Bxc1 14. Rxc1 c6 15. Ne3 d5 16. c4 dxc4 17. Bxc4 Bd7 18. d5 Rc8 19. dxc6 Bxc6 20. Qb3 Nd6 21. Rd1 Qf6 22. Bd5 h6 23. h3 Qe5 24. Kf1 Bb5+ 25. Kg1 Bc6 26. Kf1 Bb5+ 27. Kg1 1/2-1/2

[Event "82nd Tata Steel Challengers 2020"]
[Site "Wijk aan Zee"]
[Date "2020.01.22"]
[Round "10.1"]
[White "Abdusattorov, Nodirbek"]
[Black "Warmerdam, Max"]
[Result "1-0"]
[WhiteElo "2635"]
[BlackElo "2498"]
[Annotator "TA"]
[PlyCount "67"]
[EventDate "2020.01.11"]
[EventType "tourn"]
[EventCountry "NED"]
[SourceTitle "playchess.com"]
[Source "ChessBase"]
[SourceQuality "1"]

1. e4 c5 2. Nf3 d6 3. d4 cxd4 4. Nxd4 Nf6 5. Nc3 Nc6 6. Bg5 e6 7. Qd2 a6 8. O-O-O Bd7 9. f3 Nxd4 10. Qxd4 Be7 11. h4 Qc7 12. g4 h5 13. gxh5 Nxh5 14. Bg2 Rc8 15. Qd2 b5 16. Ne2 b4 17. Kb1 a5 18. Rhe1 e5 19. Rh1 Bb5 20. Bh3 Bxg5 21. hxg5 Bxe2 22. Qxe2 Ng3 23. Qd2 Nxh1 24. Bxc8 Ke7 25. Ba6 Ng3 26. g6 Nh5 27. gxf7 Nf4 28. Bc4 Qxc4 29. Qxd6+ Kxf7 30. Qd7+ Kf6 31. b3 Qe6 32. Rd6 Ra8 33. a3 Rb8 34. a4 1-0

[Event "84th Tata Steel Challengers 2022"]
[Site "Wijk aan Zee"]
[Date "2022.01.26"]
[Round "10.1"]
[White "Erigaisi Arjun"]
[Black "Shuvalova, Polina"]
[Result "1/2-1/2"]
[WhiteElo "2629"]
[BlackElo "2516"]
[Annotator "TA"]
[PlyCount "61"]
[EventDate "2022.01.15"]
[EventType "tourn"]
[EventCountry "NED"]
[SourceTitle "playchess.com"]
[Source "ChessBase"]
[SourceQuality "1"]

1. d4 d5 2. c4 e6 3. Nc3 Nf6 4. Bg5 dxc4 5. e3 c5 6. Bxf6 Qxf6 7. d5 a6 8. a4 Nd7 9. Bxc4 Nb6 10. Qb3 Nxc4 11. Qxc4 exd5 12. Nxd5 Qc6 13. Ne2 Bd6 14. Nef4 O-O 15. O-O b5 16. Qe4 Bb7 17. Rfd1 Rad8 18. axb5 axb5 19. Ne7+ Bxe7 20. Qxe7 Qc8 21. h3 h6 22. b3 c4 23. Rdc1 Rfe8 24. Qb4 g5 25. Qxb5 gxf4 26. Rxc4 Qd7 27. Qxd7 Rxd7 28. Rxf4 Rd3 29. b4 Rb3 30. Ra7 Bd5 31. Rd7 1/2-1/2

[Event "85th Tata Steel Challengers 2023"]
[Site "Wijk aan Zee"]
[Date "2023.01.20"]
[Round "10.1"]
[White "Yilmaz, Mustafa"]
[Black "Adhiban, B.."]
[Result "1/2-1/2"]
[WhiteElo "2609"]
[BlackElo "2610"]
[Annotator "TA"]
[PlyCount "53"]
[EventDate "2023.01.10"]
[EventType "tourn"]
[EventCountry "NED"]
[SourceTitle "playchess.com"]
[Source "ChessBase"]
[SourceQuality "1"]

1. Nf3 c5 2. c4 Nc6 3. d4 cxd4 4. Nxd4 Nf6 5. Nc3 e6 6. a3 Be7 7. e4 O-O 8. Nf3 Qc7 9. Be2 b6 10. O-O Bb7 11. Bg5 a6 12. Bh4 Nh5 13. Re1 Bxh4 14. Nxh4 Nf4 15. Bf1 Ne5 16. Rc1 Rac8 17. Nf3 Nxf3+ 18. Qxf3 f5 19. Qe3 fxe4 20. Nxe4 Bxe4 21. Qxe4 a5 22. Rcd1 Nh5 23. Qe5 Nf6 24. Qxc7 Rxc7 25. Rd6 Rb8 26. b3 Kf7 27. Rd4 1/2-1/2

[Event "84th Tata Steel Masters 2022"]
[Site "Wijk aan Zee"]
[Date "2022.01.26"]
[Round "10.2"]
[White "Giri, Anish"]
[Black "Duda, Jan-Krzysztof"]
[Result "1/2-1/2"]
[WhiteElo "2772"]
[BlackElo "2760"]
[Annotator "TA"]
[PlyCount "76"]
[EventDate "2022.01.15"]
[EventType "tourn"]
[EventCountry "NED"]
[SourceTitle "playchess.com"]
[Source "ChessBase"]
[SourceQuality "1"]

1. c4 Nf6 2. Nc3 e6 3. e4 d5 4. e5 d4 5. exf6 dxc3 6. bxc3 Qxf6 7. Nf3 c5 8. Bd3 Bd7 9. Be4 Bc6 10. Qc2 Bxe4 11. Qxe4 Nc6 12. Rb1 O-O-O 13. d4 Qg6 14. Qxg6 hxg6 15. Be3 f6 16. Ke2 g5 17. h3 Be7 18. dxc5 e5 19. Rbd1 Na5 20. Nd2 Rd7 21. Rb1 f5 22. f3 Rhd8 23. Rb2 Rd3 24. Rc2 Bf6 25. g4 g6 26. gxf5 gxf5 27. Rg1 e4 28. Bxg5 Bxg5 29. Rxg5 e3 30. Nb3 Nxc4 31. f4 Na3 32. Rc1 Nb5 33. Nd4 Rxc3 34. Rxc3 Nxc3+ 35. Kxe3 Nd1+ 36. Kd3 Nb2+ 37. Kc3 Nd1+ 38. Kc4 Nb2+ 1/2-1/2

[Event "85th Tata Steel Masters 2023"]
[Site "Wijk aan Zee"]
[Date "2023.01.25"]
[Round "10.2"]
[White "So, Wesley"]
[Black "Giri, Anish"]
[Result "1/2-1/2"]
[WhiteElo "2760"]
[BlackElo "2764"]
[Annotator "TA"]
[PlyCount "67"]
[EventDate "2023.01.10"]
[EventType "tourn"]
[EventCountry "NED"]
[SourceTitle "playchess.com"]
[Source "ChessBase"]
[SourceQuality "1"]

1. Nf3 d5 2. g3 Nf6 3. Bg2 e6 4. O-O Be7 5. c4 O-O 6. d4 dxc4 7. Qc2 a6 8. a4 Bd7 9. Qxc4 Bc6 10. Bg5 Nbd7 11. Nc3 h6 12. Bd2 a5 13. Qd3 Bb4 14. Rfe1 Re8 15. Qc2 Bxc3 16. Bxc3 Be4 17. Qd1 b6 18. Ne5 Bxg2 19. Nxd7 Qxd7 20. Kxg2 Ne4 21. Qd3 Nxc3 22. bxc3 Rad8 23. Red1 c5 24. Qf3 cxd4 25. cxd4 b5 26. axb5 Qxb5 27. Rdb1 Qd5 28. Qxd5 Rxd5 29. e3 e5 30. dxe5 Rdxe5 31. Rb7 Ra8 32. Ra4 Kf8 33. h4 h5 34. Kf3 1/2-1/2

[Event "82nd Tata Steel Masters 2020"]
[Site "Wijk aan Zee"]
[Date "2020.01.22"]
[Round "10.2"]
[White "Anand, Viswanathan"]
[Black "Vitiugov, Nikita"]
[Result "1/2-1/2"]
[WhiteElo "2758"]
[BlackElo "2747"]
[Annotator "TA"]
[PlyCount "60"]
[EventDate "2020.01.11"]
[EventType "tourn"]
[EventCountry "NED"]
[SourceTitle "playchess.com"]
[Source "ChessBase"]
[SourceQuality "1"]

1. e4 e5 2. Nf3 Nc6 3. Bc4 Bc5 4. c3 Nf6 5. d3 d6 6. O-O a6 7. a4 h6 8. Re1 O-O 9. h3 a5 10. d4 Bb6 11. Be3 exd4 12. cxd4 d5 13. exd5 Nb4 14. Nc3 Bf5 15. Bf4 Nfxd5 16. Nxd5 Nxd5 17. Bxd5 Qxd5 18. Re5 Qd7 19. Qb3 Rae8 20. Rd1 Be4 21. d5 Bxf3 22. Qxf3 Qxa4 23. Rc1 Qd4 24. Rce1 Rxe5 25. Bxe5 Qd2 26. Bc3 Qc2 27. Re2 Qb1+ 28. Re1 Qc2 29. Re2 Qb1+ 30. Re1 Qc2 1/2-1/2

[Event "84th Tata Steel Challengers 2022"]
[Site "Wijk aan Zee"]
[Date "2022.01.26"]
[Round "10.2"]
[White "Jumabayev, Rinat"]
[Black "Bjerre, Jonas Buhl"]
[Result "0-1"]
[WhiteElo "2631"]
[BlackElo "2586"]
[Annotator "TA"]
[PlyCount "114"]
[EventDate "2022.01.15"]
[EventType "tourn"]
[EventCountry "NED"]
[SourceTitle "playchess.com"]
[Source "ChessBase"]
[SourceQuality "1"]

1. d4 Nf6 2. Nf3 d5 3. c4 e6 4. g3 dxc4 5. Bg2 a6 6. O-O Nc6 7. Qc2 Nxd4 8. Nxd4 Qxd4 9. Nd2 c3 10. bxc3 Qc5 11. Rb1 Be7 12. Rb3 Qf5 13. Qxf5 exf5 14. Bxb7 Bxb7 15. Rxb7 Nd5 16. c4 O-O-O 17. Ra7 Nb4 18. Nb3 Nc6 19. Rxa6 Kb7 20. Rxc6 Kxc6 21. Bb2 Bf6 22. Bxf6 gxf6 23. Rb1 f4 24. gxf4 Rhg8+ 25. Kf1 Ra8 26. Rb2 Ra4 27. Rc2 Rga8 28. Nc1 Kc5 29. Nb3+ Kd6 30. Nc1 R8a5 31. e3 Rc5 32. Rd2+ Ke7 33. Nb3 Rcxc4 34. Nd4 Ra5 35. Kg2 Rd5 36. Rb2 Kd7 37. h4 c5 38. Rb7+ Kc8 39. Rb5 Kc7 40. Nb3 Kc6 41. Rb8 Ra4 42. Nc1 Rd1 43. Rc8+ Kb5 44. Ne2 Kb4 45. Ng3 Rc1 46. Ne4 c4 47. Nxf6 Rxa2 48. Kf3 c3 49. Nd5+ Kb3 50. Rb8+ Kc4 51. Nb6+ Kc5 52. Nd7+ Kd6 53. Ne5 c2 54. Rb6+ Kc7 55. Rc6+ Kb7 56. Rc3 Rd1 57. Rb3+ Ka6 0-1

[Event "85th Tata Steel Challengers 2023"]
[Site "Wijk aan Zee"]
[Date "2023.01.20"]
[Round "10.2"]
[White "Warmerdam, Max"]
[Black "Donchenko, Alexander"]
[Result "0-1"]
[WhiteElo "2616"]
[BlackElo "2627"]
[Annotator "TA"]
[PlyCount "80"]
[EventDate "2023.01.10"]
[EventType "tourn"]
[EventCountry "NED"]
[SourceTitle "playchess.com"]
[Source "ChessBase"]
[SourceQuality "1"]

1. e4 c5 2. Nf3 d6 3. d4 cxd4 4. Qxd4 Nf6 5. e5 Nc6 6. Qa4 Ng4 7. Bb5 Ngxe5 8. Nxe5 dxe5 9. Bxc6+ bxc6 10. Be3 f6 11. Nc3 Kf7 12. O-O Bf5 13. Qxc6 a6 14. Rfd1 Qc8 15. Qxc8 Rxc8 16. Rac1 g5 17. Rd2 e6 18. Na4 Be7 19. c4 Be4 20. c5 Bc6 21. Nb6 Rcd8 22. Nc4 Rxd2 23. Bxd2 Rd8 24. Be3 Ke8 25. b4 Kd7 26. f3 Kc7 27. Kf2 h5 28. h4 gxh4 29. Nd6 f5 30. Re1 h3 31. Rh1 hxg2 32. Rxh5 Rg8 33. Kg1 Rg7 34. Nc4 Bxf3 35. Rh6 f4 36. Nxe5 Bg5 37. Rh3 fxe3 38. Nxf3 e2 39. Kxg2 Bh4+ 40. Kh2 e1=Q 0-1

[Event "82nd Tata Steel Masters 2020"]
[Site "Wijk aan Zee"]
[Date "2020.01.22"]
[Round "10.3"]
[White "Xiong, Jeffery"]
[Black "Artemiev, Vladislav"]
[Result "1-0"]
[WhiteElo "2712"]
[BlackElo "2731"]
[Annotator "TA"]
[PlyCount "121"]
[EventDate "2020.01.11"]
[EventType "tourn"]
[EventCountry "NED"]
[SourceTitle "playchess.com"]
[Source "ChessBase"]
[SourceQuality "1"]

1. d4 d5 2. c4 c6 3. Nf3 Nf6 4. Nc3 a6 5. e3 g6 6. Be2 Bg7 7. O-O O-O 8. a4 a5 9. cxd5 cxd5 10. b3 Nc6 11. Ba3 Bg4 12. Ne5 Bxe2 13. Qxe2 Nxe5 14. dxe5 Ne4 15. Nxe4 dxe4 16. Qc4 Qd3 17. Qxd3 exd3 18. Rad1 Bxe5 19. Rxd3 Rfd8 20. Rfd1 Rxd3 21. Rxd3 Rc8 22. g4 Bf6 23. Rd5 b6 24. Rb5 Bh4 25. Rxb6 Rc2 26. f3 Bf2+ 27. Kh1 Bxe3 28. Rb8+ Kg7 29. Bxe7 f5 30. Rb7 Kg8 31. gxf5 gxf5 32. Rb5 f4 33. Rxa5 Kf7 34. Re5 h5 35. Bg5 Kg6 36. Bh4 Rb2 37. Rb5 Bd4 38. a5 Ra2 39. b4 Be3 40. Rg5+ Kh6 41. Rd5 Kg6 42. Bd8 Rf2 43. Bh4 Ra2 44. Bd8 Rf2 45. Rd1 Rb2 46. Be7 Ra2 47. Bc5 h4 48. Bd4 Ra4 49. Ra1 Rxb4 50. Bxe3 fxe3 51. Kg1 Rd4 52. Kf1 Rd2 53. a6 Rxh2 54. Kg1 Rd2 55. a7 e2 56. a8=Q Rd1+ 57. Kg2 e1=Q 58. Qc6+ Kh5 59. Qc5+ Kh6 60. Ra6+ Kg7 61. Qc7+ 1-0

[Event "84th Tata Steel Masters 2022"]
[Site "Wijk aan Zee"]
[Date "2022.01.26"]
[Round "10.3"]
[White "Shankland, Sam"]
[Black "Mamedyarov, Shakhriyar"]
[Result "1/2-1/2"]
[WhiteElo "2708"]
[BlackElo "2767"]
[Annotator "TA"]
[PlyCount "58"]
[EventDate "2022.01.15"]
[EventType "tourn"]
[EventCountry "NED"]
[SourceTitle "playchess.com"]
[Source "ChessBase"]
[SourceQuality "1"]

1. d4 Nf6 2. c4 e6 3. Nf3 d5 4. g3 dxc4 5. Bg2 Bb4+ 6. Bd2 a5 7. a3 Bxd2+ 8. Nbxd2 b5 9. b3 c3 10. Nb1 Bb7 11. Nxc3 b4 12. Na4 Nbd7 13. O-O O-O 14. Qc2 Be4 15. Qb2 Qb8 16. Rfc1 Qb7 17. Ne1 Bxg2 18. Nxg2 Rfe8 19. Nf4 bxa3 20. Rxa3 e5 21. dxe5 Rxe5 22. Nd3 Re7 23. Nc3 Ne5 24. Nxe5 Rxe5 25. Rca1 h5 26. Ra4 Qb6 27. Rc4 Rae8 28. Rd1 Qe6 29. Qc2 Qh3 1/2-1/2

[Event "82nd Tata Steel Challengers 2020"]
[Site "Wijk aan Zee"]
[Date "2020.01.22"]
[Round "10.3"]
[White "Anton Guijarro, David"]
[Black "Eljanov, Pavel"]
[Result "1-0"]
[WhiteElo "2694"]
[BlackElo "2650"]
[Annotator "TA"]
[PlyCount "83"]
[EventDate "2020.01.11"]
[EventType "tourn"]
[EventCountry "NED"]
[SourceTitle "playchess.com"]
[Source "ChessBase"]
[SourceQuality "1"]

1. c4 Nf6 2. Nf3 e6 3. g3 d5 4. Bg2 d4 5. O-O c5 6. e3 Nc6 7. exd4 cxd4 8. d3 Bd6 9. Na3 O-O 10. Nc2 e5 11. b4 Re8 12. Re1 Bg4 13. b5 Nb4 14. h3 Bxf3 15. Bxf3 Nxc2 16. Qxc2 Qc7 17. Bd2 Bc5 18. Kg2 h6 19. a4 Rad8 20. a5 e4 21. dxe4 d3 22. Qb3 Nd7 23. e5 Bd4 24. Rad1 Nc5 25. Qa3 Bxe5 26. Bb4 Bd4 27. Rxe8+ Rxe8 28. Bxc5 Bxc5 29. Qxd3 b6 30. a6 Qe5 31. h4 g6 32. Qd5 Qb2 33. Qd2 Qg7 34. Qf4 g5 35. hxg5 hxg5 36. Qf5 Qe5 37. Qxe5 Rxe5 38. Rd8+ Kg7 39. Ra8 Re7 40. g4 Kf6 41. Bb7 Ke5 42. Kf3 1-0

[Event "83rd Tata Steel Masters 2021"]
[Site "Wijk aan Zee"]
[Date "2021.01.27"]
[Round "10.3"]
[White "Esipenko, Andrey"]
[Black "Anton Guijarro, David"]
[Result "1-0"]
[WhiteElo "2677"]
[BlackElo "2679"]
[Annotator "TA"]
[PlyCount "111"]
[EventDate "2021.01.16"]
[EventType "tourn"]
[EventCountry "NED"]
[SourceTitle "playchess.com"]
[Source "ChessBase"]
[SourceQuality "1"]

1. e4 e5 2. Nf3 Nc6 3. Bb5 a6 4. Ba4 Nf6 5. O-O Be7 6. d3 b5 7. Bb3 d6 8. Bd2 Bg4 9. c3 Bh5 10. Re1 Na5 11. Bc2 c5 12. h3 O-O 13. Bc1 Nc6 14. Nbd2 d5 15. Nf1 d4 16. Ng3 Bg6 17. Bd2 Rc8 18. Rc1 Re8 19. Qe2 Bf8 20. Qf1 Qd6 21. Rcd1 Qd7 22. Nh4 Qd8 23. Ngf5 Nd7 24. Qe2 Qf6 25. Rc1 Nb6 26. c4 bxc4 27. dxc4 Rb8 28. g3 Nb4 29. Bb1 Nc8 30. Nxg6 hxg6 31. Nh4 Qe6 32. Kg2 Nd6 33. Nf3 Be7 34. a3 Nc6 35. b4 cxb4 36. c5 Nb5 37. axb4 Bf6 38. Bd3 Nc3 39. Bxc3 dxc3 40. Bc4 Qe7 41. Rxc3 Rxb4 42. Bd5 Nd4 43. Qxa6 Qc7 44. Nxd4 exd4 45. Rc2 g5 46. Qd3 Be5 47. Ra1 Qe7 48. Ra6 Rf8 49. c6 Rbb8 50. Rca2 Rbc8 51. Ra7 Rc7 52. Rb7 g6 53. Qd2 Rfc8 54. Rxc7 Rxc7 55. h4 gxh4 56. Qh6 1-0

[Event "85th Tata Steel Challengers 2023"]
[Site "Wijk aan Zee"]
[Date "2023.01.20"]
[Round "10.3"]
[White "L'Ami, Erwin"]
[Black "Sindarov, Javokhir"]
[Result "1/2-1/2"]
[WhiteElo "2627"]
[BlackElo "2654"]
[Annotator "TA"]
[PlyCount "90"]
[EventDate "2023.01.10"]
[EventType "tourn"]
[EventCountry "NED"]
[SourceTitle "playchess.com"]
[Source "ChessBase"]
[SourceQuality "1"]

1. d4 Nf6 2. c4 e6 3. Nc3 Bb4 4. e3 O-O 5. Bd3 d5 6. Nge2 dxc4 7. Bxc4 c5 8. a3 Bxc3+ 9. Nxc3 cxd4 10. Qxd4 Qxd4 11. exd4 Rd8 12. Be3 b6 13. f3 Ba6 14. Ba2 Nc6 15. Rd1 Rd7 16. d5 Nxd5 17. Nxd5 exd5 18. Rxd5 Re7 19. Kd2 Rae8 20. Re1 h6 21. Rd6 Na5 22. b4 Nc4+ 23. Bxc4 Bxc4 24. Rd4 Bb5 25. Rd5 Bc4 26. Rd4 b5 27. a4 a6 28. a5 f5 29. h4 g5 30. hxg5 hxg5 31. f4 g4 32. Rd6 Re4 33. g3 R8e7 34. Rd8+ Kf7 35. Rd6 Re8 36. Rd7+ Ke6 37. Rd4 Rh8 38. Bg1 Bd5 39. Rdxe4+ Bxe4 40. Bc5 Rh7 41. Kc3 Rh2 42. Re3 Rg2 43. Kb3 Kf6 44. Kc3 Bf3 45. Rd3 Be4 1/2-1/2

[Event "84th Tata Steel Challengers 2022"]
[Site "Wijk aan Zee"]
[Date "2022.01.26"]
[Round "10.3"]
[White "Dardha, Daniel"]
[Black "Nguyen, Thai Dai Van"]
[Result "1/2-1/2"]
[WhiteElo "2533"]
[BlackElo "2609"]
[Annotator "TA"]
[PlyCount "34"]
[EventDate "2022.01.15"]
[EventType "tourn"]
[EventCountry "NED"]
[SourceTitle "playchess.com"]
[Source "ChessBase"]
[SourceQuality "1"]

1. d4 d5 2. Nf3 Nf6 3. c4 e6 4. g3 Be7 5. Bg2 O-O 6. Nc3 Nbd7 7. O-O dxc4 8. a4 c5 9. a5 Nd5 10. Qa4 a6 11. dxc5 Nxc5 12. Qxc4 b5 13. axb6 Bb7 14. Qg4 Nf6 15. Qc4 Nd5 16. Qg4 Nf6 17. Qc4 Nd5 1/2-1/2

[Event "85th Tata Steel Masters 2023"]
[Site "Wijk aan Zee"]
[Date "2023.01.25"]
[Round "10.4"]
[White "Rapport, Richard"]
[Black "Aronian, Levon"]
[Result "1/2-1/2"]
[WhiteElo "2740"]
[BlackElo "2735"]
[Annotator "TA"]
[PlyCount "70"]
[EventDate "2023.01.10"]
[EventType "tourn"]
[EventCountry "NED"]
[SourceTitle "playchess.com"]
[Source "ChessBase"]
[SourceQuality "1"]

1. e4 e5 2. Nf3 Nc6 3. Bb5 Nf6 4. O-O Nxe4 5. Re1 Nd6 6. Nxe5 Be7 7. Bf1 Nxe5 8. Rxe5 O-O 9. d4 Bf6 10. Re1 Re8 11. c3 Rxe1 12. Qxe1 Ne8 13. Bd3 d5 14. Bf4 g6 15. Nd2 Ng7 16. Qe2 c6 17. Re1 Bf5 18. Bxf5 Nxf5 19. Nf3 Ng7 20. Be5 Ne6 21. Bxf6 Qxf6 22. Ne5 Re8 23. Ng4 Qd8 24. Qe5 Ng7 25. Qxe8+ Nxe8 26. Rxe8+ Qxe8 27. Nf6+ Kf8 28. Nxe8 Kxe8 29. f4 f5 30. b4 b5 31. Kf2 Kf7 32. Kf3 Kf6 33. Kf2 Kf7 34. Kf3 Kf6 35. Kf2 Kf7 1/2-1/2

[Event "84th Tata Steel Masters 2022"]
[Site "Wijk aan Zee"]
[Date "2022.01.26"]
[Round "10.4"]
[White "Vidit, Santosh Gujrathi"]
[Black "Praggnanandhaa R"]
[Result "0-1"]
[WhiteElo "2727"]
[BlackElo "2612"]
[Annotator "TA"]
[PlyCount "156"]
[EventDate "2022.01.15"]
[EventType "tourn"]
[EventCountry "NED"]
[SourceTitle "playchess.com"]
[Source "ChessBase"]
[SourceQuality "1"]

1. d4 Nf6 2. c4 e6 3. Nc3 Bb4 4. Qc2 O-O 5. a3 Bxc3+ 6. Qxc3 d5 7. Bg5 c5 8. dxc5 d4 9. Qf3 Nbd7 10. e3 h6 11. Bxf6 Nxf6 12. O-O-O e5 13. Ne2 d3 14. Nc3 Bg4 15. Rxd3 Qa5 16. Qg3 Qxc5 17. Rd2 Be6 18. b4 Qc8 19. Qxe5 Bxc4 20. Kb2 a5 21. b5 Bxf1 22. Rxf1 Qc4 23. Rc1 a4 24. Nb1 Qb3+ 25. Ka1 Rac8 26. Rxc8 Rxc8 27. Qf5 Qc4 28. Rd4 Qc7 29. g3 b6 30. Rxa4 Nd7 31. Re4 g6 32. Qf4 Qc5 33. Qxh6 Qxb5 34. a4 Qc6 35. Qf4 Nc5 36. Rc4 Rd8 37. Rc2 Qh1 38. Qb4 Nxa4 39. Rd2 Rc8 40. Qe7 Qa8 41. Ra2 b5 42. Qb4 Qh1 43. Ra3 Qxh2 44. Qd2 Qh5 45. f4 Qf5 46. Qd3 Qf6+ 47. Qd4 Qe7 48. Rb3 Ra8 49. Ra3 Rd8 50. Qe5 Qxe5+ 51. fxe5 Re8 52. Rb3 Rxe5 53. Na3 Nc5 54. Rxb5 Rxe3 55. Nc4 Re1+ 56. Kb2 Ne4 57. g4 Re2+ 58. Kc1 Nf2 59. g5 Kg7 60. Nd2 Re8 61. Kb2 Rc8 62. Rd5 Nd1+ 63. Ka3 Ne3 64. Rd3 Nc4+ 65. Kb4 Nxd2 66. Rxd2 Rc1 67. Ra2 Kg8 68. Ra8+ Kh7 69. Ra2 Kg7 70. Ra5 Kf8 71. Ra7 Ke8 72. Ra5 Kd7 73. Ra6 Ke7 74. Ra2 Ke6 75. Ra5 Rf1 76. Ra6+ Ke5 77. Ra5+ Kf4 78. Kc3 Kg4 0-1

[Event "83rd Tata Steel Masters 2021"]
[Site "Wijk aan Zee"]
[Date "2021.01.27"]
[Round "10.4"]
[White "Grandelius, Nils"]
[Black "Firouzja, Alireza"]
[Result "1/2-1/2"]
[WhiteElo "2663"]
[BlackElo "2749"]
[Annotator "TA"]
[PlyCount "90"]
[EventDate "2021.01.16"]
[EventType "tourn"]
[EventCountry "NED"]
[SourceTitle "playchess.com"]
[Source "ChessBase"]
[SourceQuality "1"]

1. e4 c5 2. Nf3 d6 3. d4 cxd4 4. Nxd4 Nf6 5. Nc3 Nc6 6. Bg5 e6 7. Qd2 a6 8. O-O-O Bd7 9. f4 b5 10. Bxf6 gxf6 11. f5 h5 12. Kb1 Qb6 13. fxe6 fxe6 14. Nxc6 Bxc6 15. Ne2 Kf7 16. Nf4 Qc5 17. Be2 Rc8 18. Rhf1 Bh6 19. Qxd6 Qxd6 20. Rxd6 Bxf4 21. Rxf4 Ke7 22. Rd2 Rcg8 23. Bd3 h4 24. Kc1 e5 25. Rff2 Rg4 26. Rde2 Rd8 27. Re3 Rdg8 28. Ree2 Rd8 29. Re3 Rdg8 30. Ree2 a5 31. Kd2 Rb8 32. Ke3 b4 33. Rf5 Be8 34. Rf1 Bf7 35. Ref2 Rb6 36. Ra1 Bg6 37. a3 b3 38. c3 Rd6 39. Re1 Bh7 40. Ree2 Bg6 41. Rd2 Rc6 42. Rd1 Rc8 43. Rfd2 Rg8 44. Rf1 Rd8 45. Rff2 Rc8 1/2-1/2

[Event "82nd Tata Steel Masters 2020"]
[Site "Wijk aan Zee"]
[Date "2020.01.22"]
[Round "10.4"]
[White "Van Foreest, Jorden"]
[Black "Duda, Jan-Krzysztof"]
[Result "1/2-1/2"]
[WhiteElo "2644"]
[BlackElo "2758"]
[Annotator "TA"]
[PlyCount "70"]
[EventDate "2020.01.11"]
[EventType "tourn"]
[EventCountry "NED"]
[SourceTitle "playchess.com"]
[Source "ChessBase"]
[SourceQuality "1"]

1. e4 c5 2. c3 d5 3. exd5 Qxd5 4. d4 Nf6 5. Nf3 e6 6. Na3 Nc6 7. Be3 cxd4 8. Nb5 Qd7 9. Nbxd4 Nd5 10. Bd2 Bd6 11. Nxc6 bxc6 12. Bd3 Rb8 13. Qc2 h6 14. O-O c5 15. Rad1 Qc7 16. c4 Nb4 17. Bxb4 Rxb4 18. Rfe1 O-O 19. b3 Rb6 20. Qe2 Rd8 21. Bc2 Be7 22. Qe4 f5 23. Qe5 Rbd6 24. Rxd6 Rxd6 25. Qe3 Bf6 26. h3 Bb7 27. b4 cxb4 28. c5 Rc6 29. Bb3 Bc8 30. Rc1 Kh7 31. Nd4 Rxc5 32. Rxc5 Qxc5 33. Nxe6 Qd6 34. Qd3 Qxd3 35. Nf8+ Kh8 1/2-1/2

[Event "82nd Tata Steel Challengers 2020"]
[Site "Wijk aan Zee"]
[Date "2020.01.22"]
[Round "10.4"]
[White "L'Ami, Erwin"]
[Black "Keymer, Vincent"]
[Result "1/2-1/2"]
[WhiteElo "2606"]
[BlackElo "2527"]
[Annotator "TA"]
[PlyCount "60"]
[EventDate "2020.01.11"]
[EventType "tourn"]
[EventCountry "NED"]
[SourceTitle "playchess.com"]
[Source "ChessBase"]
[SourceQuality "1"]

1. d4 d5 2. c4 e6 3. Nf3 Nf6 4. g3 Bb4+ 5. Bd2 Be7 6. Bg2 O-O 7. O-O c6 8. Qc2 Nbd7 9. Bf4 b6 10. cxd5 cxd5 11. Rc1 Bb7 12. Qb3 Rc8 13. Na3 a6 14. Nc2 Nh5 15. Bd2 Nhf6 16. Nb4 Rxc1+ 17. Rxc1 Qa8 18. Nd3 Rc8 19. Nfe5 Rxc1+ 20. Bxc1 Qc8 21. Bg5 Bd8 22. Bf1 h6 23. Nxd7 Nxd7 24. Bxd8 Qxd8 25. e3 a5 26. Nc1 Nf6 27. Bd3 Ne8 28. Ne2 Nd6 29. Nc3 Bc6 30. f3 h5 1/2-1/2